Islám a radikální islám: jak chápat ideologii al-Káidy
Po posledných útokoch prívržencov radikálneho islamu sú častejšie aj debaty na tému islamu ako platformy teroristických útokov. Krokom k porozumeniu je chápať radikálny islam ako ideológiu. Islamsksý fundamentalizmus. Džihád - úsilie o aktívne šírenie a upevňovanie islamu, obrana Ummy. Ideológia al-...
Salvato in:
| Autore principale: | |
|---|---|
| Natura: | Capitolo di libro |
| Lingua: | ceco |
| Soggetti: | |
| Tags: |
Nessun Tag, puoi essere il primo ad aggiungerne!!
|
MARC
| LEADER | 00000nla a2200000 4500 | ||
|---|---|---|---|
| 001 | 0200005 | ||
| 005 | 20240417075056.5 | ||
| 041 | 0 | |a cze | |
| 044 | |a CZ | ||
| 245 | 1 | 0 | |a Islám a radikální islám: jak chápat ideologii al-Káidy |c Lucie Čamrová |
| 520 | |a Po posledných útokoch prívržencov radikálneho islamu sú častejšie aj debaty na tému islamu ako platformy teroristických útokov. Krokom k porozumeniu je chápať radikálny islam ako ideológiu. Islamsksý fundamentalizmus. Džihád - úsilie o aktívne šírenie a upevňovanie islamu, obrana Ummy. Ideológia al-Káidy a jej symbiotických napojení. | ||
| 610 | 2 | 0 | |a islam |
| 610 | 2 | 0 | |a náboženstvo |
| 610 | 2 | 0 | |a ideológia |
| 610 | 2 | 0 | |a terorizmus |
| 610 | 2 | 0 | |a fundamentalizmus |
| 100 | 1 | |a Čamrová, Lucie | |